000 05456nkm0a2200685 4500
001 RU\NLR\BIBL_A\016353705
005 20260408082428.0
035 _a(NLR Aleph) 016353705
071 5 0 _d8 к.
_920000
090 _a13516963
_c13516963
100 _a20230424d1933 u y0rusy50 ca
101 0 _arus
_ager
_aeng
102 _aRU
116 _adiybxx zz ae
135 _acrcn 024anaba
181 0 _ab4
_bxb2e
182 0 _an
200 1 _aСамодеятельный театр на юте линкора во время учебного похода (в час досуга)
_dEine selbsttätiges Theater auf einem Linienschiff wärend des Übungszuges (in der Mussestunde)
_dAmatuer theatricals staged by sailors during a cruise (when off duty)
_eпочтовая карточка
_fфото Н. Штерцера
_gредактор Петрейкова
203 _aИзображение
_bнеподвижное
_bдвухмерное
_bвизуальное
_cнепосредственное
210 _a[Москва]
_cИзогиз
_d1933
_eМосква
_gГознак
215 _a1 л.
_cглуб. печ.
_d14,7х10,5
225 1 _aКраснознаменный Балтфлот
_dDie Rotfahnen-Baltflotte
_dThe Baltic Fleet of the Red Banner
_v№ 11
_zger
_zeng
300 _aФотограф также на нем. яз.: Aufnahme N. Störtzer и англ. яз.: Photo by N. Stoertzer
300 _aНа адрес. стороне изд. марка: "ОГИЗ Изогиз" - источник сведений о наименовании издателя
300 _aЦенз. разрешение: Уполн. Главлита № Б-28994
300 _aВ вып. дан.: ИЗОГИЗ № 5641 ; № 7003
300 _aПод названием "Самодеятельный театр на походе" фотография воспроизведена в изд.: Краснознаменный Балтийский флот : фотокнига о жизни, быте и боевой подготовке Краснознаменного Балтийского флота / снимки работы фоторепортера Н. Н. Штерцера и краснофлотца тов. Лукашевича ; текст А. И. Зиновьева ; оформление худ. А. Фадеева. Москва ; Ленинград : Ленизогиз, [1934]. С. 99
325 _aКопия доступна в Электрон. б-ке РНБ
510 1 _6z29790
_aEine selbsttätiges Theater auf einem Linienschiff wärend des Übungszuges (in der Mussestunde)
_zger
510 1 _6z39790
_aAmatuer theatricals staged by sailors during a cruise (when off duty)
_zeng
540 1 _aDie Rotfahnen-Baltflotte
_zger
540 1 _aThe Baltic Fleet of the Red Banner
_zeng
540 1 _aСамодеятельный театр на походе
601 0 2 _aБалтийский флот
_jОткрытки
_91086755
_3RU\NLR\AUTH\66106679
606 1 _aПочтовые открытки маркированные художественные
_yСССР
_z1917 - 1941
_92195712
_3RU\NLR\AUTH\6601555037
606 1 _aФотографические открытки
_92151039
_3RU\NLR\AUTH\661600135
606 1 _aЛинейные корабли
_jОткрытки
_91172778
_3RU\NLR\AUTH\66153227
606 1 _aВоенные моряки
_jОткрытки
_yСССР
_92110597
_3RU\NLR\AUTH\661275578
606 1 _aВоеннослужащие
_jОткрытки
_xСвободное время
_91310062
_3RU\NLR\AUTH\66226684
606 1 _aСамодеятельный театр
_jОткрытки
_yСССР
_92049511
_3RU\NLR\AUTH\66945421
686 0 _aЩ153(2)7-489
702 1 _4600
_7ca
_8rus
_aШтерцер
_bН. Н.
_f1899-1943
_gНиколай Николаевич
_9230128
_3RU\NLR\AUTH\770230184
702 1 _4340
_aПетрейкова
_bЕ. М.
_cредактор издательства, искусствовед
_gЕлизавета Марковна
_9141870
_3RU\NLR\AUTH\770141906
711 0 2 _aБалтийский флот
_3RU\NLR\AUTH\8810005535
_9508449
712 0 1 _4610
_aРСФСР
_bГлавное управление фабриками изготовления государственных знаков
_bМосковская типография
_3RU\NLR\AUTH\8810047093
_9593952
712 0 2 _4650
_aГосударственное издательство изобразительного искусства
_3RU\NLR\AUTH\8810147764
_9790003
790 1 _7ba
_8rus
_aŠtercer
_bN. N.
_f1899-1943
_gNikolaj Nikolaevič
_9255291
_3RU\NLR\AUTH\770255347
830 _aПоступление: Г.П.Б. в Лнгр. Ц. 1934 г. Акт №. АЯ ОЭФ
852 0 0 _aNLR
_bЭ
_jОВо640/10
_mинв.203684
852 0 0 _aNLR
_bЭ
_jОВо640/11
_mинв.203685
856 0 _uhttps://vivaldi.nlr.ru/lo000010120/view
856 1 _uhttps://vivaldi.nlr.ru/lo000010120/cover
856 2 _uhttps://vivaldi.nlr.ru/lo000010120/text
901 _eИзографические материалы
942 _cVISUAL
980 _aNB
981 1 7 _a(17) Изографические материалы
_b(17) Открытки